[Event "Berkeley Summer IM"]
[Site "Berkeley"]
[Date "2019.08.18"]
[Round "5"]
[White "Hernandez Moya, Yuleisis"]
[Black "Saikhanchimeg, Tsogtsaikhan"]
[Result "0-1"]
[WhiteElo "2199"]
[BlackElo "2011"]
[PlyCount "68"]
[EventDate "2019.08.16"]
[EventType "tourn"]
[EventRounds "9"]
[EventCountry "USA"]
[SourceTitle "EXT 2020"]
[Source "ChessBase"]
[SourceDate "2019.10.17"]
[SourceVersion "1"]
[SourceVersionDate "2019.10.17"]
[SourceQuality "1"]

1. e4 c5 2. Nf3 e6 3. d4 cxd4 4. Nxd4 a6 5. c4 Nf6 6. Nc3 Qc7 7. a3 b6 8. Be3 Bb7 9. f3 d6 10. Be2 Nbd7 11. 0-0 Be7 12. Qd2 0-0 13. Rfc1 Rac8 14. a4 Rfe8 15. a5 bxa5 16. Nb3 Rb8 17. Nxa5 Ba8 18. Kh1 Ne5 19. b4 d5 20. c5 dxe4 21. fxe4 Red8 22. Qe1 Nd3 23. Bxd3 Rxd3 24. Bf2 Rxb4 25. Nd5 Bxd5 26. Qxb4 Nxe4 27. Rc2 Qf4 28. Qe1 Rh3 29. Qg1 Bf6 30. Nc4 Bxa1 31. c6 Bd4 32. Ne3 Bxe3 33. c7 Nxf2+ 34. Rxf2 Qxc7 0-1

[Event "Las Vegas National op (Women)"]
[Site "Las Vegas"]
[Date "2018.06.21"]
[Round "5"]
[White "Wu, Rochelle"]
[Black "Saikhanchimeg, Tsogtsaikhan"]
[Result "1/2-1/2"]
[WhiteElo "2042"]
[BlackElo "2037"]
[PlyCount "170"]
[EventDate "2018.06.20"]
[EventType "swiss"]
[EventRounds "5"]
[EventCountry "USA"]
[SourceTitle "EXT 2019"]
[Source "ChessBase"]
[SourceDate "2018.10.10"]
[SourceVersion "1"]
[SourceVersionDate "2018.10.10"]
[SourceQuality "1"]

1. d4 Nf6 2. c4 e6 3. Nc3 Bb4 4. Qc2 b6 5. e4 Bb7 6. Bd3 c5 7. d5 d6 8. Nge2 Nbd7 9. a3 Bxc3+ 10. Nxc3 Ne5 11. Be2 Bc8 12. f4 Ng6 13. 0-0 0-0 14. Be3 exd5 15. cxd5 a6 16. a4 Re8 17. Rae1 Bd7 18. Bd3 b5 19. axb5 axb5 20. e5 dxe5 21. fxe5 Rxe5 22. Bxc5 Rxe1 23. Rxe1 b4 24. Ne4 Nxd5 25. Bc4 Be6 26. Rd1 Qh4 27. g3 Qh5 28. Be2 Qf5 29. Bd4 b3 30. Qb1 h6 31. Rf1 Qh3 32. Qd1 Rd8 33. Qd2 Nde7 34. Qc3 Rc8 35. Qd3 Bd5 36. Bc3 Qe6 37. Qd4 f6 38. Bf3 Rc4 39. Nc5 Rxd4 40. Nxe6 Rd3 41. Bxd5 Nxd5 42. Nc5 Re3 43. Bd4 Re2 44. Nxb3 Ne5 45. Rf2 Re1+ 46. Kg2 Ng4 47. Rd2 Nde3+ 48. Bxe3 Rxe3 49. Nc5 Re1 50. h3 Ne5 51. Rc2 Rb1 52. g4 Kf7 53. b3 Nc6 54. Rd2 Ne5 55. Ra2 Nc6 56. Rd2 Ne5 57. Kg3 Kg6 58. Rc2 Rg1+ 59. Kf2 Rb1 60. Rc3 Rb2+ 61. Kg3 h5 62. Ne6 hxg4 63. hxg4 Rb1 64. Nf4+ Kh6 65. Ng2 Rb2 66. Nh4 g6 67. Nf3 Nxf3 68. Kxf3 Kg5 69. Rd3 Rb1 70. Rd5+ Kh4 71. Rd3 Rf1+ 72. Kg2 Rf4 73. Rd6 Kxg4 74. b4 g5 75. b5 f5 76. b6 Rb4 77. Kf2 f4 78. Kg2 Rb2+ 79. Kf1 Kg3 80. Rd3+ f3 81. Rd1 Rxb6 82. Rc1 g4 83. Rd1 Rh6 84. Kg1 f2+ 85. Kf1 Rh1+ 1/2-1/2

[Event "Seattle Classic op"]
[Site "Seattle"]
[Date "2017.08.18"]
[Round "5"]
[White "Bashkansky, Naomi"]
[Black "Saikhanchimeg, Tsogtsaikhan"]
[Result "0-1"]
[WhiteElo "1862"]
[BlackElo "2026"]
[PlyCount "78"]
[EventDate "2017.08.16"]
[EventType "swiss"]
[EventRounds "9"]
[EventCountry "USA"]
[SourceTitle "EXT 2023"]
[Source "ChessBase"]
[SourceDate "2022.10.05"]
[SourceVersion "1"]
[SourceVersionDate "2022.10.05"]
[SourceQuality "1"]

1. d4 Nf6 2. c4 e6 3. Nc3 Bb4 4. e3 b6 5. f3 Bxc3+ 6. bxc3 c5 7. d5 d6 8. e4 e5 9. Bd3 0-0 10. Ne2 Nbd7 11. g4 Ne8 12. Ng3 Qh4 13. Be3 g6 14. Qd2 Qe7 15. h4 f6 16. Bh6 Rf7 17. g5 fxg5 18. Bxg5 Qf8 19. Be2 h5 20. 0-0-0 Kh7 21. Rdf1 a6 22. Rf2 Rb8 23. Rhf1 Rf4 24. Bd3 Rb7 25. Kc2 Rf7 26. f4 exf4 27. Nxh5 Ne5 28. Nxf4 Ng7 29. Rh2 Bg4 30. Be2 Nh5 31. Bxg4 Nxg4 32. Ne6 Qe8 33. Rxf7+ Rxf7 34. Re2 Qa4+ 35. Kb1 Qxc4 36. Bd8 Rf1+ 37. Kb2 Qb5+ 38. Ka3 Ne5 39. Ng5+ Kg8 0-1

[Event "Seattle Classic op"]
[Site "Seattle"]
[Date "2017.08.18"]
[Round "4"]
[White "Saikhanchimeg, Tsogtsaikhan"]
[Black "Levine, Joseph1111"]
[Result "1-0"]
[WhiteElo "2026"]
[BlackElo "1791"]
[PlyCount "69"]
[EventDate "2017.08.16"]
[EventType "swiss"]
[EventRounds "9"]
[EventCountry "USA"]
[SourceTitle "EXT 2023"]
[Source "ChessBase"]
[SourceDate "2022.10.05"]
[SourceVersion "1"]
[SourceVersionDate "2022.10.05"]
[SourceQuality "1"]

1. e4 e6 2. d3 d5 3. Nd2 c5 4. Ngf3 Nc6 5. g3 Nf6 6. Bg2 a6 7. 0-0 Be7 8. e5 Nd7 9. Re1 Qc7 10. Qe2 b5 11. Nf1 Bb7 12. h4 h6 13. N1h2 0-0-0 14. a4 Rdg8 15. axb5 axb5 16. Ng4 Nd8 17. c4 dxc4 18. dxc4 b4 19. b3 g5 20. h5 f5 21. exf6 Nxf6 22. Nxf6 Bxf6 23. Bb2 Bxb2 24. Qxb2 Qf7 25. Ne5 Qxh5 26. Qd2 Qe8 27. Qd6 h5 28. Bxb7+ Kxb7 29. Ra6 Nc6 30. Rxc6 Rg7 31. Rb6+ Ka8 32. Ra1+ Ra7 33. Rxa7+ Kxa7 34. Qc7+ Ka8 35. Ra6# 1-0

[Event "Seattle Classic op"]
[Site "Seattle"]
[Date "2017.08.17"]
[Round "3"]
[White "Feng, Roland"]
[Black "Saikhanchimeg, Tsogtsaikhan"]
[Result "1-0"]
[WhiteElo "2369"]
[BlackElo "2026"]
[PlyCount "118"]
[EventDate "2017.08.16"]
[EventType "swiss"]
[EventRounds "9"]
[EventCountry "USA"]
[SourceTitle "EXT 2023"]
[Source "ChessBase"]
[SourceDate "2022.10.05"]
[SourceVersion "1"]
[SourceVersionDate "2022.10.05"]
[SourceQuality "1"]

1. d4 Nf6 2. c4 e6 3. Nc3 Bb4 4. Qc2 b6 5. a3 Bxc3+ 6. Qxc3 Ne4 7. Qc2 f5 8. Nf3 Bb7 9. e3 d6 10. Bd3 0-0 11. b4 Nd7 12. Bb2 Qe8 13. 0-0 Ndf6 14. Nd2 Nxd2 15. Qxd2 Ne4 16. Qc2 Qh5 17. f3 Ng5 18. d5 Rae8 19. e4 f4 20. c5 e5 21. cxd6 cxd6 22. Qc7 Bc8 23. Bb5 Rd8 24. Qxa7 Rf6 25. Rf2 Rh6 26. Kf1 Qxh2 27. Qe7 Rf8 28. Qxg5 Rhf6 29. g4 Qg3 30. Rc1 Rg6 31. Qe7 Bxg4 32. fxg4 Qh3+ 33. Ke1 Qh1+ 34. Kd2 Qxe4 35. Re2 Qxd5+ 36. Bd3 f3 37. Re4 Re6 38. Qc7 b5 39. Qc6 Qb3 40. Qc2 Qd5 41. Rf1 f2 42. Ke2 Rh6 43. Re3 Qg2 44. Bf5 Rh1 45. Rxf2 Qxg4+ 46. Bxg4 Rxf2+ 47. Kxf2 Rh2+ 48. Kg3 Rxc2 49. Re2 Rc7 50. Rd2 Rc6 51. Bd7 Rb6 52. Be6+ Kf8 53. Rf2+ Ke8 54. Bf7+ Kf8 55. Bd5+ Ke8 56. Rf7 g6 57. Rxh7 Kf8 58. Kg4 e4 59. Bf6 Ke8 1-0

[Event "MGL-ch (Women) 48th"]
[Site "Uliastai"]
[Date "2016.02.22"]
[Round "9"]
[White "Batchimeg, Tuvshintugs"]
[Black "Saikhanchimeg, Tsogtsaikhan"]
[Result "1-0"]
[WhiteElo "2395"]
[BlackElo "1933"]
[PlyCount "79"]
[EventDate "2016.02.16"]
[EventType "tourn"]
[EventRounds "11"]
[EventCountry "MGL"]
[SourceTitle "CBM 171 Extra"]
[Source "ChessBase"]
[SourceDate "2016.04.26"]
[SourceVersion "1"]
[SourceVersionDate "2016.04.26"]
[SourceQuality "1"]

1. d4 Nf6 2. c4 e6 3. a3 a6 4. Nc3 d5 5. cxd5 exd5 6. Nf3 Be7 7. Bf4 Nbd7 8. e3 0-0 9. Bd3 c5 10. 0-0 c4 11. Bc2 b5 12. Ne5 Bb7 13. Qf3 Re8 14. Rad1 Nf8 15. Bg3 Ne6 16. Bh4 Rf8 17. Qh3 g6 18. f4 Ng7 19. f5 Qc8 20. Ng4 Nxg4 21. Bxe7 Re8 22. f6 h5 23. Bxg6 fxg6 24. f7+ Kh7 25. fxe8Q Qxe8 26. Bg5 a5 27. Qf3 Qb8 28. Bf4 Qe8 29. h3 Nf6 30. Bg5 Ne4 31. Nxe4 dxe4 32. Qf7 Qxf7 33. Rxf7 Bd5 34. Rd7 Be6 35. Re7 Rf8 36. d5 Bf5 37. d6 Kg8 38. Bh6 Rf7 39. Rxf7 Kxf7 40. Bxg7 1-0

[Event "MGL-ch (Women) 48th"]
[Site "Uliastai"]
[Date "2016.02.21"]
[Round "8"]
[White "Saikhanchimeg, Tsogtsaikhan"]
[Black "Lkhamsuren, Uuganbayar"]
[Result "1/2-1/2"]
[WhiteElo "1933"]
[BlackElo "2136"]
[PlyCount "108"]
[EventDate "2016.02.16"]
[EventType "tourn"]
[EventRounds "11"]
[EventCountry "MGL"]
[SourceTitle "CBM 171 Extra"]
[Source "ChessBase"]
[SourceDate "2016.04.26"]
[SourceVersion "1"]
[SourceVersionDate "2016.04.26"]
[SourceQuality "1"]

1. e4 c6 2. d4 d5 3. e5 Bf5 4. g4 Bd7 5. h4 e6 6. h5 c5 7. c3 Nc6 8. Nf3 Qb6 9. Be2 0-0-0 10. a3 c4 11. Nbd2 Na5 12. Ng5 Be8 13. f4 h6 14. Ngf3 g6 15. f5 gxf5 16. gxf5 exf5 17. Qc2 Bd7 18. Nh4 Ne7 19. Rb1 f6 20. Ndf3 Bg7 21. Rg1 Rhg8 22. Ng6 Bf8 23. Kf2 Nxg6 24. hxg6 Bg7 25. Be3 Qe6 26. exf6 Qxf6 27. Bf4 Rde8 28. Rg3 Re4 29. Be5 Qb6 30. Bxg7 Rxg7 31. Rbg1 f4 32. R3g2 Qf6 33. Qb1 Bf5 34. Qd1 Nb3 35. Bf1 Re3 36. Rh2 Be4 37. Ne5 Nc5 38. Rxh6 Bf3 39. Nxf3 Ne4+ 40. Kg2 Rxg6+ 41. Rxg6 Qxg6+ 42. Kh2 Qh5+ 43. Bh3+ Kd8 44. Qa4 Re2+ 45. Rg2 Rxg2+ 46. Kxg2 Qg6+ 47. Kf1 Ng3+ 48. Kf2 Nh1+ 49. Kf1 Ng3+ 50. Kf2 Nh1+ 51. Kf1 Ng3+ 52. Kf2 Nh1+ 53. Kf1 Ng3+ 54. Kf2 Nh1+ 1/2-1/2

[Event "MGL-ch (Women) 48th"]
[Site "Uliastai"]
[Date "2016.02.19"]
[Round "6"]
[White "Munkhzul, Turmunkh"]
[Black "Saikhanchimeg, Tsogtsaikhan"]
[Result "1/2-1/2"]
[WhiteElo "1766"]
[BlackElo "1933"]
[PlyCount "146"]
[EventDate "2016.02.16"]
[EventType "tourn"]
[EventRounds "11"]
[EventCountry "MGL"]
[SourceTitle "CBM 171 Extra"]
[Source "ChessBase"]
[SourceDate "2016.04.26"]
[SourceVersion "1"]
[SourceVersionDate "2016.04.26"]
[SourceQuality "1"]

1. e4 c5 2. Nf3 e6 3. d4 cxd4 4. Nxd4 a6 5. Nc3 Qc7 6. a3 b5 7. Be3 Bb7 8. Be2 Nf6 9. f3 d5 10. exd5 Nxd5 11. Nxd5 Bxd5 12. 0-0 Bd6 13. f4 0-0 14. Nf5 Bc5 15. Bxc5 Qxc5+ 16. Qd4 Qxd4+ 17. Nxd4 Nd7 18. Rad1 Nb6 19. b3 Rac8 20. Bd3 Rfd8 21. Ne2 g6 22. Ng3 Kg7 23. Rf2 h5 24. Rfd2 h4 25. Ne4 Ba8 26. Nf2 Rd4 27. a4 Bc6 28. axb5 axb5 29. g3 hxg3 30. hxg3 Rcd8 31. Ra1 Bf3 32. Ra5 b4 33. Nh3 Be4 34. Nf2 Bd5 35. Rb5 Nd7 36. Rd1 Bc6 37. Ra5 Nf6 38. Re1 Rh8 39. Ra7 Bd5 40. Ra4 Bc6 41. Ra7 Re8 42. Nh3 Rd7 43. Ra6 Rc8 44. Ng5 Bd5 45. Rb6 Rb7 46. Rxb7 Bxb7 47. Nh3 Rh8 48. Nf2 Nh5 49. Re3 Rc8 50. Ne4 Ra8 51. Nc5 Ra7 52. Bc4 Nf6 53. Re1 Bd5 54. Bd3 Bc6 55. Na6 Rb7 56. Ra1 Nd5 57. Nc5 Rc7 58. Ne4 Ne3 59. Kf2 Bxe4 60. Bxe4 Rc3 61. Ra2 Kf6 62. Bd3 Nd5 63. Ra7 Ne7 64. Rb7 Nd5 65. Ke1 Rc7 66. Rb5 g5 67. f5 Ne3 68. fxe6 fxe6 69. Kd2 Nd5 70. Be4 Rc3 71. Bxd5 exd5 72. Rxd5 Rxg3 73. Rd4 Rg2+ 1/2-1/2

[Event "MGL-ch (Women) 47th"]
[Site "Ulaanbaatar"]
[Date "2015.04.26"]
[Round "11"]
[White "Soyolmaa, Dashdondog"]
[Black "Saikhanchimeg, Tsogtsaikhan"]
[Result "0-1"]
[WhiteElo "2067"]
[BlackElo "1855"]
[PlyCount "90"]
[EventDate "2015.04.18"]
[EventType "tourn"]
[EventRounds "11"]
[EventCountry "MGL"]
[SourceTitle "CBM 166 Extra"]
[Source "ChessBase"]
[SourceDate "2015.06.18"]
[SourceVersion "1"]
[SourceVersionDate "2015.06.18"]
[SourceQuality "1"]

1. e4 c5 2. c3 d6 3. Nf3 Nf6 4. d3 g6 5. Be2 Bg7 6. Nbd2 0-0 7. Nf1 Nc6 8. Ng3 Rb8 9. 0-0 b5 10. d4 Qc7 11. d5 Na5 12. Qc2 Ne8 13. Rb1 e6 14. dxe6 Bxe6 15. b3 c4 16. b4 Nc6 17. Be3 a5 18. a3 Bd7 19. Rfd1 axb4 20. axb4 Ra8 21. Nd4 Ne7 22. Ra1 Qb7 23. Bf3 Be5 24. Be2 Bg7 25. f4 d5 26. Bf3 Rxa1 27. Rxa1 dxe4 28. Nxe4 Nd5 29. Bf2 Qc7 30. g3 Nef6 31. Ra5 Nxe4 32. Bxe4 Qd6 33. Nxb5 Bxb5 34. Bc5 Qd7 35. Bxd5 Qxd5 36. Rxb5 Ra8 37. Qb1 Bxc3 38. Ra5 Rxa5 39. bxa5 Qxc5+ 40. Kg2 Qxa5 41. h4 Bf6 42. Qb8+ Qd8 43. Qb5 c3 44. Qc6 Bg7 45. Kh3 h5 0-1

[Event "MGL-ch (Women) 47th"]
[Site "Ulaanbaatar"]
[Date "2015.04.23"]
[Round "8"]
[White "Sarantungalag, Sengeebaatar"]
[Black "Saikhanchimeg, Tsogtsaikhan"]
[Result "0-1"]
[WhiteElo "1986"]
[BlackElo "1855"]
[PlyCount "104"]
[EventDate "2015.04.18"]
[EventType "tourn"]
[EventRounds "11"]
[EventCountry "MGL"]
[SourceTitle "CBM 166 Extra"]
[Source "ChessBase"]
[SourceDate "2015.06.18"]
[SourceVersion "1"]
[SourceVersionDate "2015.06.18"]
[SourceQuality "1"]

1. e4 g6 2. Nc3 Bg7 3. g3 d6 4. Bg2 Nf6 5. Nge2 0-0 6. 0-0 e5 7. d3 Nc6 8. Bg5 h6 9. Bd2 Bd7 10. Qc1 Kh7 11. f4 Qc8 12. f5 Ne7 13. h3 gxf5 14. exf5 Nxf5 15. g4 Nh4 16. Ne4 Nxe4 17. Bxe4+ f5 18. gxf5 Bxf5 19. Qe1 Bxe4 20. Qxh4 Bc6 21. Kh2 Qe6 22. Ng3 Qg6 23. Qe7 Rae8 24. Qxc7 e4 25. Bc3 exd3 26. Qxg7+ Qxg7 27. Bxg7 Kxg7 28. cxd3 Kg6 29. h4 Rxf1 30. Rxf1 Re3 31. d4 Rd3 32. Nf5 Rd2+ 33. Kg3 Rxb2 34. Nxd6 Rxa2 35. Kf4 Rh2 36. Nf5 Bd7 37. Rg1+ Kf6 38. Kg3 Rd2 39. Nxh6 Rxd4 40. Ng8+ Kf7 41. Nh6+ Kg7 42. Rb1 Kxh6 43. Rxb7 a5 44. Kf2 Kh5 45. Ke3 Rd6 46. Ra7 a4 47. Ra5+ Kxh4 48. Ke2 Kg4 49. Ke3 Bc6 50. Ra7 Kf5 51. Re7 Bb5 52. Rh7 Rd3+ 0-1

[Event "MGL-ch (Women) 47th"]
[Site "Ulaanbaatar"]
[Date "2015.04.19"]
[Round "2"]
[White "Lkhamsuren, Uuganbayar"]
[Black "Saikhanchimeg, Tsogtsaikhan"]
[Result "1-0"]
[WhiteElo "2155"]
[BlackElo "1855"]
[PlyCount "81"]
[EventDate "2015.04.18"]
[EventType "tourn"]
[EventRounds "11"]
[EventCountry "MGL"]
[SourceTitle "CBM 166 Extra"]
[Source "ChessBase"]
[SourceDate "2015.06.18"]
[SourceVersion "1"]
[SourceVersionDate "2015.06.18"]
[SourceQuality "1"]

1. d4 Nf6 2. c4 e6 3. g3 Be7 4. Nf3 d5 5. Bg2 0-0 6. 0-0 dxc4 7. Qc2 a6 8. Qxc4 b5 9. Qc2 Bb7 10. Bd2 Nc6 11. e3 Nb4 12. Bxb4 Bxb4 13. a3 Bd6 14. Nbd2 Re8 15. Rfd1 Rc8 16. e4 Bf8 17. e5 Nd5 18. Ne4 f5 19. exf6 Nxf6 20. Nxf6+ Qxf6 21. Ng5 Qxg5 22. Bxb7 Rb8 23. Qxc7 h5 24. Rac1 b4 25. a4 a5 26. d5 exd5 27. Rxd5 Qh6 28. Rcd1 h4 29. Rb5 Kh8 30. Qxa5 g6 31. Qc7 h3 32. f4 Bg7 33. a5 g5 34. Rxg5 Bf6 35. Rd6 Re1+ 36. Kf2 Rbe8 37. Rxf6 Qxf6 38. Rh5+ Kg8 39. Bd5+ R1e6 40. Qh7+ Kf8 41. Rf5 1-0